000 01875cam a22004335i 4500
001 ocn942742347
003 TZ-ArACH
005 2016063007487.0
008 150804s2014 tz mb 000 0 eng
010 _a 2014325433
020 _a9789976605822 (Dar es Salaam Univ. Press)
020 _a9783896456441 (Rüdiger Köppe Publishers)
035 _a(OCoLC)942742347
040 _aDLC
_beng
_erda
_cTZ-ArACH
_dOCLCO
_dOCLCF
041 _aEng
042 _alcode
_apcc
043 _af-rw---
049 _aTZAA
050 0 0 _aHV8688
_b.M66
100 1 _aMongella, Lillian Mihayo.
_918650
245 1 4 _aRight to compensation for victims of internal armed conflicts in East Africa : a case study of genocide victims in Rwanda
_ba case study of genocide victims in Rwanda /
_cLillian Mihayo Mongella.
300 _axxii, 229 pages ;
_c25 cm.
490 0 _aTGCL research series ;
_v4
500 _a"TGCL, Tanzanian-German Centre for Eastern African Legal Studies at the University of Dar es Salaam School of Law in cooperation with the University of Bayreuth"--P. [1] of cover.
502 _aThesis (Ph. D.)--University of Dar es Salaam, 2013.
504 _aIncludes bibliographical references (pages 197-229).
650 0 _aReparation (Criminal justice)
_zRwanda.
_918651
650 0 _aConflict management
_zRwanda.
_918652
650 0 _aGenocide survivors
_zRwanda.
_918653
650 0 _aRestorative justice
_zRwanda.
_918654
650 7 _aConflict management.
_2fast
_918655
650 7 _aGenocide survivors.
_2fast
_918656
650 7 _aReparation (Criminal justice)
_2fast
_918657
650 7 _aRestorative justice.
_2fast
_918658
651 7 _aRwanda.
_2fast
_918659
653 _aDonation
942 _2lcc
_cBOOK
999 _c3320
_d3320